000 00358pam a2200157a 44500
008 230515b1974 xxu||||| |||| 00| 0 eng d
020 _aNULL
041 _aENGLISH
082 _a630
100 _a7664-1979
245 _aSPECIFICATION FOR GUIDE POSTS FOR PRESS TOOL SETS
250 _a0
260 _aDELHI
_bISI
_c1974
300 _a12
650 _aNULL
999 _c652183
_d652183